BASIC engineering, science, (Record no. 544179)
[ view plain ]
| 000 -LEADER | |
|---|---|
| fixed length control field | 00444cam a2200145 a 4500 |
| 082 00 - DEWEY DECIMAL CLASSIFICATION NUMBER | |
| Classification number | 530 |
| Author Mark | MOR |
| -- | L-13, P-73 |
| 100 1# - MAIN ENTRY--PERSONAL NAME | |
| Personal name | Morley, Arthur |
| 9 (RLIN) | 39734 |
| 245 10 - TITLE STATEMENT | |
| Title | BASIC engineering, science, |
| Statement of responsibility, etc. | Morley Arthur |
| 260 ## - PUBLICATION, DISTRIBUTION, ETC. | |
| Place of publication, distribution, etc. | London |
| Name of publisher, distributor, etc. | William Clowes and Sons Ltd |
| Date of publication, distribution, etc. | c1965. |
| 300 ## - PHYSICAL DESCRIPTION | |
| Extent | xiv, 399 p. : |
| Other physical details | ill. ; |
| Dimensions | 17 cm. |
| 526 ## - STUDY PROGRAM INFORMATION NOTE | |
| Program name | 0 |
| Interest level | 0 |
| Reading level | 0 |
| Title point value | 530_000000000000000_MOR |
| 526 ## - STUDY PROGRAM INFORMATION NOTE | |
| Program name | 0 |
| Interest level | 0 |
| Reading level | 0 |
| Title point value | 530_000000000000000_MOR |
| 650 #0 - SUBJECT ADDED ENTRY--TOPICAL TERM | |
| Topical term or geographic name entry element | MCE |
| 9 (RLIN) | 379 |
| 942 ## - ADDED ENTRY ELEMENTS (KOHA) | |
| Source of classification or shelving scheme | |
| Koha item type | Book |
| Withdrawn status | Lost status | Source of classification or shelving scheme | Damaged status | Not for loan | Permanent Location | Current Location | Date acquired | Total Checkouts | Full call number | Barcode | Date last seen | Price effective from | Koha item type |
|---|---|---|---|---|---|---|---|---|---|---|---|---|---|
| Military College of Engineering (MCE) | Military College of Engineering (MCE) | 04/15/2014 | 530 MOR | MCE-3002 | 04/15/2014 | 04/15/2014 | Book | ||||||
| Military College of Engineering (MCE) | Military College of Engineering (MCE) | 04/15/2014 | 530 MOR | MCE-33170 | 04/15/2014 | 04/15/2014 | Book |
